[Event "Rottach Egern Seniors Cup 12th"]
[Site "Rottach Egern"]
[Date "2024.04.10"]
[Round "5"]
[White "Haas, Frank Martin"]
[Black "Astengo, Corrado"]
[Result "1-0"]
[WhiteElo "2110"]
[BlackElo "1968"]
[PlyCount "51"]
[EventDate "2024.04.06"]
[EventType "swiss"]
[EventRounds "9"]
[EventCountry "GER"]
[SourceTitle "CB16_2024"]
[SourceDate "2024.04.17"]
[SourceVersion "1"]
[SourceVersionDate "2024.04.17"]
[SourceQuality "1"]

1. e4 c5 2. d4 cxd4 3. c3 dxc3 4. Nxc3 Nc6 5. Nf3 d6 6. Bc4 a6 7. 0-0 Nf6 8. Bf4 e6 9. Qe2 Be7 10. Rfd1 Qc7 11. Rac1 0-0 12. Bb3 Re8 13. Nd5 exd5 14. exd5 Bf5 15. dxc6 bxc6 16. Nd4 Bf8 17. Qc4 Be4 18. Nxc6 Rec8 19. Ba4 Qb7 20. Bxd6 Bf5 21. Bxf8 Rxf8 22. Qc5 Be6 23. Ne7+ Kh8 24. Bc6 Qxb2 25. Bxa8 Rxa8 26. Qc8+ 1-0

[Event "Rottach Egern Seniors Cup 12th"]
[Site "Rottach Egern"]
[Date "2024.04.09"]
[Round "4"]
[White "Streiter, Manfred"]
[Black "Haas, Frank Martin"]
[Result "0-1"]
[WhiteElo "1909"]
[BlackElo "2110"]
[PlyCount "40"]
[EventDate "2024.04.06"]
[EventType "swiss"]
[EventRounds "9"]
[EventCountry "GER"]
[SourceTitle "CB16_2024"]
[SourceDate "2024.04.17"]
[SourceVersion "1"]
[SourceVersionDate "2024.04.17"]
[SourceQuality "1"]

1. d4 e6 2. Nf3 f5 3. g3 Nf6 4. Bg2 Be7 5. 0-0 0-0 6. c4 d6 7. Nc3 a5 8. Qc2 Nc6 9. a3 e5 10. dxe5 dxe5 11. Rd1 Qe8 12. Nb5 Qh5 13. c5 f4 14. Qc4+ Kh8 15. gxf4 Bh3 16. Bxh3 Qxh3 17. Ng5 Qh4 18. Rd3 Ng4 19. Rh3 Qxf2+ 20. Kh1 Qf1# 0-1

[Event "GER-chT Online Liga 1 GpA"]
[Site "Playchess.com INT"]
[Date "2021.03.16"]
[Round "6.3"]
[White "Haas, Frank Martin"]
[Black "Schimnatkowski, Lukas"]
[Result "0-1"]
[WhiteElo "2118"]
[BlackElo "2173"]
[PlyCount "118"]
[EventDate "2021.01.22"]
[EventType "team-tourn (rapid)"]
[EventRounds "7"]
[EventCountry "GER"]
[SourceTitle "EXT 2022"]
[Source "ChessBase"]
[SourceDate "2021.10.06"]
[SourceVersion "1"]
[SourceVersionDate "2021.10.06"]
[SourceQuality "1"]
[WhiteTeam "Walldorf"]
[BlackTeam "Essen Katernberg"]
[WhiteTeamCountry "GER"]
[BlackTeamCountry "GER"]

1. e4 e5 2. Nf3 Nc6 3. Nc3 Nf6 4. Bb5 Nd4 5. Ba4 Bc5 6. Nxe5 0-0 7. Nd3 Bb6 8. e5 c6 9. 0-0 Ne8 10. Ne2 Qh4 11. Nxd4 Qxd4 12. Bb3 d5 13. Qe2 f6 14. Qe3 fxe5 15. Qxe5 Qh4 16. Qg3 Qh5 17. c3 Bg4 18. h3 Be2 19. Nf4 Rxf4 20. Qxf4 Bc7 21. Qe3 Bxf1 22. Kxf1 Nf6 23. g4 Qh4 24. d4 Re8 25. Qf3 h5 26. gxh5 Ne4 27. Be3 Rf8 28. Qg4 Rxf2+ 29. Ke1 Qf6 30. Qxe4 Rf1+ 31. Kd2 Rxa1 32. Qe8+ Qf8 33. Qe6+ Kh8 34. h6 gxh6 35. Bd1 Bf4 36. Kc2 Bxe3 37. Qxe3 Qf5+ 38. Kd2 Qg5 39. Qxg5 hxg5 40. a3 Kg7 41. Bg4 Rf1 42. Bc8 Rf2+ 43. Kc1 Rf7 44. a4 b6 45. b4 Rc7 46. Bg4 Kf6 47. Kd2 Ke7 48. Kd3 Kd6 49. Bf5 Rf7 50. Bg4 Rf1 51. Kc2 Rf2+ 52. Kb3 a5 53. bxa5 bxa5 54. Ka3 Rg2 55. Kb3 c5 56. dxc5+ Kxc5 57. Be6 Rg3 58. Kc2 Kc4 59. Kb2 Re3 0-1

[Event "GER-chT Online Liga 1 GpA"]
[Site "Playchess.com INT"]
[Date "2021.03.02"]
[Round "5.3"]
[White "Glitz, Martin"]
[Black "Haas, Frank Martin"]
[Result "0-1"]
[WhiteElo "2056"]
[BlackElo "2118"]
[PlyCount "56"]
[EventDate "2021.01.22"]
[EventType "team-tourn (rapid)"]
[EventRounds "7"]
[EventCountry "GER"]
[SourceTitle "EXT 2022"]
[Source "ChessBase"]
[SourceDate "2021.10.06"]
[SourceVersion "1"]
[SourceVersionDate "2021.10.06"]
[SourceQuality "1"]
[WhiteTeam "Herzogenaurach"]
[BlackTeam "Walldorf"]
[WhiteTeamCountry "GER"]
[BlackTeamCountry "GER"]

1. e4 e6 2. d4 d5 3. Nc3 Nf6 4. e5 Nfd7 5. f4 c5 6. Nf3 Nc6 7. Be3 cxd4 8. Nxd4 Bc5 9. Qd2 Nxd4 10. Bxd4 0-0 11. 0-0-0 a6 12. Qe3 Qc7 13. Bd3 b5 14. Qh3 g6 15. Qe3 b4 16. Ne2 a5 17. h4 a4 18. Kb1 Ba6 19. h5 Rfc8 20. hxg6 fxg6 21. Rxh7 Bxd3 22. cxd3 Kxh7 23. Rh1+ Kg7 24. f5 Rh8 25. Rc1 Bxd4 26. Qg5 Qxe5 27. Qe7+ Kg8 28. Nxd4 Rh7 0-1

[Event "GER-chT Online Liga 1 GpA"]
[Site "Playchess.com INT"]
[Date "2021.02.23"]
[Round "4.3"]
[White "Haas, Frank Martin"]
[Black "Sonnenschein, Philipp"]
[Result "1/2-1/2"]
[WhiteElo "2118"]
[BlackElo "2149"]
[PlyCount "52"]
[EventDate "2021.01.22"]
[EventType "team-tourn (rapid)"]
[EventRounds "7"]
[EventCountry "GER"]
[SourceTitle "EXT 2022"]
[Source "ChessBase"]
[SourceDate "2021.10.06"]
[SourceVersion "1"]
[SourceVersionDate "2021.10.06"]
[SourceQuality "1"]
[WhiteTeam "Walldorf"]
[BlackTeam "Dinslaken"]
[WhiteTeamCountry "GER"]
[BlackTeamCountry "GER"]

1. e4 c6 2. d4 d5 3. exd5 cxd5 4. c4 Nf6 5. Nc3 Nc6 6. Nf3 g6 7. cxd5 Nxd5 8. Qb3 Nxc3 9. bxc3 Bg7 10. Bf4 0-0 11. Be2 b6 12. 0-0 Be6 13. Qa4 Na5 14. Rac1 a6 15. c4 Nxc4 16. Bxc4 b5 17. Bxb5 axb5 18. Qxb5 Rxa2 19. Rfe1 Bxd4 20. Nxd4 Qxd4 21. Be3 Qg4 22. h3 Qa4 23. Qe5 Qa5 24. Bc5 Rc8 25. Qg5 Rc2 26. Bxe7 Qxg5 1/2-1/2

[Event "Lueneburg op-A"]
[Site "Lueneburg"]
[Date "2019.08.06"]
[Round "4"]
[White "Foo, Tzun Hong"]
[Black "Haas, Frank Martin"]
[Result "0-1"]
[WhiteElo "1880"]
[BlackElo "2152"]
[PlyCount "75"]
[EventDate "2019.08.03"]
[EventType "swiss"]
[EventRounds "9"]
[EventCountry "GER"]
[SourceTitle "CBM 191 Extra"]
[Source "ChessBase"]
[SourceDate "2019.09.30"]
[SourceVersion "1"]
[SourceVersionDate "2019.09.30"]
[SourceQuality "1"]

1. e4 e6 2. d4 d5 3. exd5 exd5 4. c4 Bb4+ 5. Nc3 Ne7 6. Bd3 Nbc6 7. Nge2 Bf5 8. a3 Bxd3 9. Qxd3 dxc4 10. Qxc4 Bxc3+ 11. bxc3 Qd5 12. Qxd5 Nxd5 13. Bd2 Na5 14. Rb1 0-0-0 15. 0-0 Nc4 16. Rfd1 Rhe8 17. Kf1 Nxd2+ 18. Rxd2 Rxe2 19. Rxe2 Nxc3 20. Rb4 Nxe2 21. Kxe2 Rd6 22. Ke3 Rb6 23. Rxb6 axb6 24. Ke4 Kd7 25. f4 Ke6 26. g4 b5 27. f5+ Kd6 28. h4 f6 29. g5 c6 30. Kf4 Kd5 31. gxf6 gxf6 32. Kg4 Kxd4 33. Kh5 c5 34. Kh6 b4 35. axb4 cxb4 36. Kxh7 b3 37. h5 b2 38. Kg6 0-1

[Event "Verbandsliga Nordbaden 1819"]
[Site "Baden"]
[Date "2019.03.10"]
[Round "7.2"]
[White "Haas, Frank Martin"]
[Black "Raps, Johannes"]
[Result "1-0"]
[WhiteElo "2152"]
[BlackElo "2137"]
[PlyCount "93"]
[EventDate "2018.10.14"]
[EventType "team-tourn"]
[EventRounds "9"]
[EventCountry "GER"]
[SourceTitle "EXT 2020"]
[Source "ChessBase"]
[SourceDate "2019.10.17"]
[SourceVersion "1"]
[SourceVersionDate "2019.10.17"]
[SourceQuality "1"]
[WhiteTeam "Walldorf II"]
[BlackTeam "Bad Mergentheim II"]
[WhiteTeamCountry "GER"]
[BlackTeamCountry "GER"]

1. e4 g6 2. d4 Bg7 3. Bc4 e6 4. Bb3 d6 5. Nf3 Ne7 6. 0-0 0-0 7. Re1 b6 8. Nbd2 c5 9. c3 Bb7 10. Nf1 Nd7 11. Ng3 Qc7 12. Bg5 Rae8 13. Qd2 c4 14. Bc2 f6 15. Bh6 e5 16. Rad1 Rd8 17. h4 Rfe8 18. h5 Nf8 19. d5 Bc8 20. Nh2 g5 21. Bxg7 Kxg7 22. Ba4 Bd7 23. Bxd7 Qxd7 24. Qe2 Rc8 25. Qg4 Qxg4 26. Nxg4 Nd7 27. Ne3 Rc5 28. Ngf5+ Nxf5 29. Nxf5+ Kf8 30. Nxd6 Rb8 31. f3 Kg7 32. Nf5+ Kf8 33. Kf2 Ra5 34. a3 Nc5 35. Re2 Rd8 36. Kg3 Rb5 37. Ne3 Nd3 38. Nxc4 Nf4 39. Red2 Rc5 40. Ne3 Nxh5+ 41. Kg4 Ng7 42. c4 h5+ 43. Kg3 Ke7 44. b4 Rcc8 45. Rc1 Rb8 46. Rdc2 a5 47. c5 1-0

[Event "Oberliga Baden 1819"]
[Site "Baden"]
[Date "2019.02.03"]
[Round "6.8"]
[White "Lutz, Andreas"]
[Black "Haas, Frank Martin"]
[Result "0-1"]
[WhiteElo "2049"]
[BlackElo "2136"]
[PlyCount "80"]
[EventDate "2018.10.21"]
[EventType "team-tourn"]
[EventRounds "9"]
[EventCountry "GER"]
[SourceTitle "EXT 2020"]
[Source "ChessBase"]
[SourceDate "2019.10.17"]
[SourceVersion "1"]
[SourceVersionDate "2019.10.17"]
[SourceQuality "1"]
[WhiteTeam "Dreilaendereck"]
[BlackTeam "Walldorf"]
[WhiteTeamCountry "GER"]
[BlackTeamCountry "GER"]

1. e4 e6 2. d3 d5 3. Nd2 c5 4. g3 Nc6 5. Bg2 Nf6 6. Ngf3 g6 7. 0-0 Bg7 8. Re1 0-0 9. Qe2 b6 10. Nf1 e5 11. exd5 Nxd5 12. Ne3 Nxe3 13. Bxe3 Qc7 14. Nd2 Bb7 15. a4 Rae8 16. Nc4 f5 17. f4 exf4 18. Bd5+ Kh8 19. Bxf4 Bd4+ 20. Kh1 Nb4 21. Bxb7 Qxb7+ 22. Qg2 Qxg2+ 23. Kxg2 Nxc2 24. Rxe8 Rxe8 25. Rd1 Re2+ 26. Kh3 Ne1 27. g4 Ng2 28. Bh6 Ne3 29. Bxe3 Bxe3 30. gxf5 gxf5 31. Rf1 f4 32. Rf3 Kg7 33. Kg4 Rxh2 34. Nxe3 fxe3 35. Rxe3 Kf6 36. b4 cxb4 37. Re4 h5+ 38. Kg3 Rd2 39. Rxb4 Rxd3+ 40. Kh4 Rd5 0-1

[Event "Oberliga Baden 1819"]
[Site "Baden"]
[Date "2018.12.16"]
[Round "4.8"]
[White "Weiler, Wolfgang"]
[Black "Haas, Frank Martin"]
[Result "0-1"]
[WhiteElo "2243"]
[BlackElo "2136"]
[PlyCount "60"]
[EventDate "2018.10.21"]
[EventType "team-tourn"]
[EventRounds "9"]
[EventCountry "GER"]
[SourceTitle "EXT 2020"]
[Source "ChessBase"]
[SourceDate "2019.10.17"]
[SourceVersion "1"]
[SourceVersionDate "2019.10.17"]
[SourceQuality "1"]
[WhiteTeam "Untergrombach"]
[BlackTeam "Walldorf"]
[WhiteTeamCountry "GER"]
[BlackTeamCountry "GER"]

1. e4 e6 2. d3 d5 3. Nd2 c5 4. Ngf3 Nc6 5. g3 g6 6. Bg2 Bg7 7. 0-0 Nf6 8. Re1 0-0 9. c3 a5 10. e5 Nd7 11. d4 cxd4 12. cxd4 f6 13. exf6 Qxf6 14. Qe2 Re8 15. Nb3 a4 16. Bg5 Qf5 17. Nbd2 Nxd4 18. Nxd4 Bxd4 19. Nf3 Bg7 20. Rac1 Nb8 21. Qb5 Nc6 22. Rxc6 bxc6 23. Qxc6 Ba6 24. Bf4 h6 25. Nh4 Qf7 26. Rxe6 Bb7 27. Rxe8+ Rxe8 28. Qxa4 g5 29. Nf5 Re1+ 30. Bf1 Qxf5 0-1

[Event "Verbandsliga Nordbaden 1819"]
[Site "Baden"]
[Date "2018.10.14"]
[Round "1.4"]
[White "Haas, Frank Martin"]
[Black "Farmani Anosheh, Yasha"]
[Result "1/2-1/2"]
[WhiteElo "2152"]
[BlackElo "2147"]
[PlyCount "87"]
[EventDate "2018.10.14"]
[EventType "team-tourn"]
[EventRounds "9"]
[EventCountry "GER"]
[SourceTitle "EXT 2020"]
[Source "ChessBase"]
[SourceDate "2019.10.17"]
[SourceVersion "1"]
[SourceVersionDate "2019.10.17"]
[SourceQuality "1"]
[WhiteTeam "Walldorf II"]
[BlackTeam "Ladenburg"]
[WhiteTeamCountry "GER"]
[BlackTeamCountry "GER"]

1. e4 e5 2. Nf3 Nc6 3. Bb5 a6 4. Ba4 Nf6 5. 0-0 b5 6. Bb3 Be7 7. Re1 0-0 8. c3 d6 9. h3 Bb7 10. d4 Re8 11. Ng5 Rf8 12. Nf3 Nb8 13. dxe5 dxe5 14. Qxd8 Bxd8 15. Nxe5 Nxe4 16. Nd2 Nc5 17. Bc2 Bf6 18. Nb3 Nxb3 19. Bxb3 Nc6 20. Nd7 Rfe8 21. Bf4 Na5 22. Bxc7 Nxb3 23. Nxf6+ gxf6 24. axb3 Re6 25. f3 Rae8 26. Kf2 Bd5 27. Rxe6 Rxe6 28. b4 Bc4 29. Re1 Kg7 30. Bf4 Kg6 31. Be3 Rd6 32. Bd4 Re6 33. h4 h5 34. g4 Rxe1 35. gxh5+ Kxh5 36. Kxe1 Kxh4 37. Kd2 Kg5 38. Ke3 Kf5 39. Bb6 Ke5 40. Bc7+ Kd5 41. Kf4 Be2 42. Bd8 f5 43. Bf6 Bd1 44. Ke3 1/2-1/2

[Event "Verbandsliga Nordbaden 1718"]
[Site "Baden"]
[Date "2018.04.22"]
[Round "8.5"]
[White "Haas, Frank Martin"]
[Black "Vinke, Andreas"]
[Result "1/2-1/2"]
[WhiteElo "2131"]
[BlackElo "2162"]
[PlyCount "55"]
[EventDate "2017.10.08"]
[EventType "team-tourn"]
[EventRounds "9"]
[EventCountry "GER"]
[SourceTitle "EXT 2019"]
[Source "ChessBase"]
[SourceDate "2018.10.10"]
[SourceVersion "1"]
[SourceVersionDate "2018.10.10"]
[SourceQuality "1"]
[WhiteTeam "Walldorf II"]
[BlackTeam "Karlsruhe"]
[WhiteTeamCountry "GER"]
[BlackTeamCountry "GER"]

1. e4 e6 2. d4 d5 3. Nd2 h6 4. c3 c5 5. e5 Nc6 6. Ndf3 Bd7 7. a3 Qc7 8. b4 c4 9. Ne2 0-0-0 10. Nf4 Be7 11. h4 g6 12. Qc2 Be8 13. g3 Kb8 14. Bg2 Ka8 15. Be3 Nb8 16. a4 Nd7 17. Ke2 Nf8 18. Bh3 g5 19. Ng2 f6 20. exf6 Bg6 21. Qc1 Bd3+ 22. Ke1 Bxf6 23. hxg5 hxg5 24. Bxg5 Be4 25. Ke2 Bd3+ 26. Ke1 Be4 27. Ke2 Bd3+ 28. Ke1 1/2-1/2

[Event "Verbandsliga Nordbaden 1718"]
[Site "Baden"]
[Date "2018.03.11"]
[Round "7.4"]
[White "Franke, Michael"]
[Black "Haas, Frank Martin"]
[Result "0-1"]
[WhiteElo "2165"]
[BlackElo "2131"]
[PlyCount "112"]
[EventDate "2017.10.08"]
[EventType "team-tourn"]
[EventRounds "9"]
[EventCountry "GER"]
[SourceTitle "EXT 2019"]
[Source "ChessBase"]
[SourceDate "2018.10.10"]
[SourceVersion "1"]
[SourceVersionDate "2018.10.10"]
[SourceQuality "1"]
[WhiteTeam "Eppingen II"]
[BlackTeam "Walldorf II"]
[WhiteTeamCountry "GER"]
[BlackTeamCountry "GER"]

1. d4 Nf6 2. c4 Nc6 3. Nf3 e6 4. e3 Bb4+ 5. Bd2 a5 6. a3 Bxd2+ 7. Nbxd2 d6 8. Qc2 e5 9. d5 Nb8 10. h3 a4 11. g4 Nbd7 12. g5 Nh5 13. Ne4 Qe7 14. Be2 f5 15. gxf6 Nhxf6 16. Nfg5 Nxe4 17. Nxe4 Nf6 18. 0-0-0 Nxe4 19. Qxe4 0-0 20. Qg2 Bf5 21. e4 Bd7 22. Rhg1 Rf4 23. Rd3 Raf8 24. Rg3 g6 25. f3 Qg7 26. Kb1 Qh6 27. c5 dxc5 28. Bd1 Rh4 29. Rg5 Re8 30. Qc2 Qf8 31. Qc3 Qd6 32. R5g3 b6 33. Qe1 Qf6 34. Qc3 Kg7 35. Qc4 Rxh3 36. Rg5 Rb8 37. Qc3 Re8 38. Qc4 Re7 39. Qa6 Rh2 40. Qa7 Be8 41. Qa8 Rd2 42. Bc2 Qxf3 43. Rf5 Qe3 44. Rff1 Rf2 45. Qd8 Rxf1+ 46. Rxf1 Qg5 47. Bxa4 Bf7 48. Bb3 Qg2 49. Qxe7 Qxf1+ 50. Ka2 Qf4 51. Qxc7 Qxe4 52. d6 c4 53. Bd1 Qd5 54. Bc2 Qd2 55. Kb1 Qe1+ 56. Ka2 Qc1 0-1

[Event "Verbandsliga Nordbaden 1718"]
[Site "Baden"]
[Date "2017.12.03"]
[Round "3.3"]
[White "Haas, Frank Martin"]
[Black "Pyvovar, Igor"]
[Result "1-0"]
[WhiteElo "2131"]
[BlackElo "2144"]
[PlyCount "47"]
[EventDate "2017.10.08"]
[EventType "team-tourn"]
[EventRounds "9"]
[EventCountry "GER"]
[SourceTitle "EXT 2019"]
[Source "ChessBase"]
[SourceDate "2018.10.10"]
[SourceVersion "1"]
[SourceVersionDate "2018.10.10"]
[SourceQuality "1"]
[WhiteTeam "Walldorf II"]
[BlackTeam "Ettlingen II"]
[WhiteTeamCountry "GER"]
[BlackTeamCountry "GER"]

1. e4 c5 2. d4 cxd4 3. c3 Nf6 4. e5 Nd5 5. Nf3 e6 6. cxd4 d6 7. Bc4 dxe5 8. dxe5 Nc6 9. 0-0 Be7 10. Qe2 a6 11. Rd1 b5 12. Bb3 Na5 13. Bxd5 exd5 14. Nc3 Be6 15. Nd4 0-0 16. f4 Bc5 17. Be3 Bxd4 18. Bxd4 Qc8 19. Qf2 Qd7 20. Bc5 Rfc8 21. f5 Bxf5 22. Nxd5 Qe6 23. Ne7+ Kh8 24. Nxf5 1-0

[Event "Bad Woerishofen op 33rd"]
[Site "Bad Woerishofen"]
[Date "2017.03.12"]
[Round "3"]
[White "Stein, Marco"]
[Black "Haas, Frank Martin"]
[Result "1/2-1/2"]
[WhiteElo "2077"]
[BlackElo "2119"]
[PlyCount "56"]
[EventDate "2017.03.10"]
[EventType "swiss"]
[EventRounds "9"]
[EventCountry "GER"]
[SourceTitle "EXT 2018"]
[Source "ChessBase"]
[SourceDate "2017.10.13"]
[SourceVersion "1"]
[SourceVersionDate "2017.10.13"]
[SourceQuality "1"]

1. d4 Nf6 2. c4 e5 3. dxe5 Ng4 4. Bf4 Nc6 5. Nf3 Bb4+ 6. Nbd2 Qe7 7. e3 Ngxe5 8. Nxe5 Nxe5 9. Be2 a5 10. 0-0 d6 11. a3 Bc5 12. Qc2 0-0 13. Nb3 Bb6 14. Nd4 Ng6 15. Bg3 f5 16. Nf3 a4 17. Qd2 Bd7 18. Rad1 Bc6 19. Ne1 Ba5 20. Qc2 Rae8 21. Bd3 Bxe1 22. Rfxe1 f4 23. exf4 Qxe1+ 24. Rxe1 Rxe1+ 25. Bf1 Nxf4 26. Bxf4 Rxf4 27. Qd2 Rfe4 28. f3 R4e2 1/2-1/2

[Event "Oberliga Baden 1617"]
[Site "Baden"]
[Date "2017.02.05"]
[Round "5.8"]
[White "Wielsch, Klaus"]
[Black "Haas, Frank Martin"]
[Result "1/2-1/2"]
[WhiteElo "2120"]
[BlackElo "2105"]
[PlyCount "27"]
[EventDate "2016.10.16"]
[EventType "team-tourn"]
[EventRounds "9"]
[EventCountry "GER"]
[SourceTitle "EXT 2018"]
[Source "ChessBase"]
[SourceDate "2017.10.13"]
[SourceVersion "1"]
[SourceVersionDate "2017.10.13"]
[SourceQuality "1"]
[WhiteTeam "Brombach"]
[BlackTeam "Walldorf"]
[WhiteTeamCountry "GER"]
[BlackTeamCountry "GER"]

1. d4 e6 2. c4 Bb4+ 3. Nd2 f5 4. a3 Bxd2+ 5. Bxd2 Nf6 6. Nf3 d6 7. e3 Qe7 8. Be2 0-0 9. 0-0 b6 10. b4 Nbd7 11. Qb3 Bb7 12. Rac1 Ne4 13. Bc3 Rf6 14. d5 1/2-1/2

[Event "Oberliga Baden 1617"]
[Site "Baden"]
[Date "2016.12.04"]
[Round "3.8"]
[White "Stemmler, Tim"]
[Black "Haas, Frank Martin"]
[Result "0-1"]
[WhiteElo "1958"]
[BlackElo "2105"]
[PlyCount "148"]
[EventDate "2016.10.16"]
[EventType "team-tourn"]
[EventRounds "9"]
[EventCountry "GER"]
[SourceTitle "EXT 2018"]
[Source "ChessBase"]
[SourceDate "2017.10.13"]
[SourceVersion "1"]
[SourceVersionDate "2017.10.13"]
[SourceQuality "1"]
[WhiteTeam "Ladenburg"]
[BlackTeam "Walldorf"]
[WhiteTeamCountry "GER"]
[BlackTeamCountry "GER"]

1. d4 Nf6 2. c4 e5 3. dxe5 Ng4 4. Bf4 Nc6 5. Nf3 Bb4+ 6. Nbd2 Qe7 7. a3 Ngxe5 8. Nxe5 Nxe5 9. e3 Bxd2+ 10. Qxd2 d6 11. Be2 b6 12. 0-0 Bb7 13. Rac1 0-0-0 14. Qc3 f6 15. b4 c5 16. Rfd1 g5 17. Bxe5 dxe5 18. Bg4+ Kc7 19. Bf5 h5 20. Rb1 Rxd1+ 21. Rxd1 Rd8 22. Rd2 Rxd2 23. Qxd2 cxb4 24. axb4 Qd6 25. Qxd6+ Kxd6 26. Bg6 h4 27. g3 a5 28. c5+ bxc5 29. bxa5 c4 30. Kf1 Kc5 31. Ke2 Kb4 32. Kd2 Kb3 33. Kc1 Kc3 34. Bf5 Ba6 35. Be4 Kb3 36. Bc2+ Kb4 37. Be4 Kxa5 38. Kc2 Kb4 39. Bf5 Bb5 40. Be6 Ba4+ 41. Kc1 Kc3 42. Bf5 Bc6 43. Bc2 Bf3 44. gxh4 gxh4 45. Bf5 Be2 46. Bg6 Bd3 47. Bh5 Be4 48. Be2 Bf5 49. Bd1 Kb4 50. Be2 c3 51. Bd1 Be4 52. Be2 Ka3 53. Bc4 Bf5 54. Bd5 Bd3 55. Be6 f5 56. Bf7 f4 57. Be8 Kb4 58. Bf7 fxe3 59. fxe3 Kc5 60. Be6 Kd6 61. Bc8 Ke7 62. Bg4 Kf6 63. Bh3 Kg5 64. Kd1 Bf5 65. Bg2 Kg4 66. Kc1 Bd3 67. Kd1 e4 68. Ke1 h3 69. Bh1 Kf5 70. Kd1 Ke5 71. Kc1 Kd5 72. Kd1 Kc4 73. Kc1 Kb3 74. Kd1 Kb2 0-1

[Event "Oberliga Baden 1516"]
[Site "Baden"]
[Date "2016.03.13"]
[Round "8.6"]
[White "Becker, Matthias1111"]
[Black "Haas, Frank Martin"]
[Result "1-0"]
[WhiteElo "2167"]
[BlackElo "2151"]
[PlyCount "85"]
[EventDate "2015.09.20"]
[EventType "team-tourn"]
[EventRounds "9"]
[EventCountry "GER"]
[SourceTitle "EXT 2018"]
[Source "ChessBase"]
[SourceDate "2017.10.13"]
[SourceVersion "1"]
[SourceVersionDate "2017.10.13"]
[SourceQuality "1"]
[WhiteTeam "Buchen"]
[BlackTeam "Walldorf"]
[WhiteTeamCountry "GER"]
[BlackTeamCountry "GER"]

1. Nf3 Nf6 2. g3 b6 3. Bg2 Bb7 4. 0-0 c5 5. c4 e6 6. Nc3 d6 7. b3 Be7 8. Bb2 0-0 9. e3 Nbd7 10. d4 a6 11. d5 e5 12. Nh4 g6 13. f4 exf4 14. gxf4 Re8 15. e4 Nh5 16. Nf5 Bf8 17. e5 dxe5 18. fxe5 Nxe5 19. Ne4 Bc8 20. Ned6 Bxf5 21. Nxf5 Qg5 22. Bc1 Qg4 23. Nh6+ Bxh6 24. Bxh6 Qxd1 25. Raxd1 Ng4 26. Bc1 Ne3 27. Bxe3 Rxe3 28. d6 Rd8 29. Bd5 Re6 30. Bxe6 fxe6 31. d7 Ng7 32. Rf6 b5 33. Rd6 Nf5 34. Rxa6 bxc4 35. bxc4 Rxd7 36. Rfxe6 Kg7 37. Rec6 Rd2 38. Rxc5 Nd4 39. Rc7+ Kh6 40. Rf7 Kg5 41. c5 Rc2 42. c6 Nxc6 43. Rc7 1-0

[Event "Berlin Lichtenrade op 11th"]
[Site "Berlin"]
[Date "2015.10.27"]
[Round "4"]
[White "Lyell, Mark"]
[Black "Haas, Frank Martin"]
[Result "1/2-1/2"]
[WhiteElo "2285"]
[BlackElo "2143"]
[PlyCount "66"]
[EventDate "2015.10.24"]
[EventType "swiss"]
[EventRounds "9"]
[EventCountry "GER"]
[SourceTitle "CBM 169 Extra"]
[Source "ChessBase"]
[SourceDate "2015.12.18"]
[SourceVersion "1"]
[SourceVersionDate "2015.12.18"]
[SourceQuality "1"]

1. e4 e6 2. d4 d5 3. Nd2 Nf6 4. e5 Nfd7 5. Bd3 c5 6. c3 Nc6 7. Ne2 cxd4 8. cxd4 f6 9. exf6 Nxf6 10. Nf3 Qb6 11. 0-0 Bd6 12. Nc3 Bd7 13. a3 Nxd4 14. Nxd4 Qxd4 15. Nb5 Qe5 16. g3 Bxb5 17. Bxb5+ Ke7 18. Bf4 Qxb2 19. Bxd6+ Kxd6 20. a4 Rac8 21. Rb1 Qc3 22. Re1 e5 23. Qe2 e4 24. Qa2 Rc7 25. Rbd1 a6 26. Bf1 Re8 27. Bg2 Qc2 28. Qa1 Qc3 29. Qb1 Qc2 30. Qb6+ Qc6 31. Qe3 Qc3 32. Qb6+ Qc6 33. Qe3 Qc3 1/2-1/2

[Event "Wiesbaden op 27th"]
[Site "Wiesbaden"]
[Date "2015.08.29"]
[Round "5"]
[White "Haas, Frank Martin"]
[Black "Reinecke, Katharina"]
[Result "1/2-1/2"]
[WhiteElo "2151"]
[BlackElo "1765"]
[PlyCount "71"]
[EventDate "2015.08.27"]
[EventType "swiss"]
[EventRounds "7"]
[EventCountry "GER"]
[SourceTitle "EXT 2016"]
[Source "ChessBase"]
[SourceDate "2015.10.08"]
[SourceVersion "1"]
[SourceVersionDate "2015.10.08"]
[SourceQuality "1"]

1. e4 c6 2. d4 d5 3. exd5 cxd5 4. c4 Nf6 5. Nc3 e6 6. Nf3 Bb4 7. cxd5 Nxd5 8. Bd2 Nc6 9. Bd3 0-0 10. 0-0 b6 11. a3 Nxc3 12. bxc3 Be7 13. Qe2 Bb7 14. Rfd1 Rc8 15. h4 Na5 16. Ne5 Nb3 17. Qh5 f5 18. Be1 Nxa1 19. Rxa1 Bxh4 20. g4 Qg5 21. Qxg5 Bxg5 22. gxf5 Rxf5 23. Bxf5 exf5 24. a4 h5 25. Rb1 Be4 26. Rb5 Bf4 27. f3 Bc2 28. Ng6 Bd6 29. a5 bxa5 30. Rd5 Rc6 31. Rxa5 Bb4 32. cxb4 Rxg6+ 33. Kh2 a6 34. b5 axb5 35. Rxb5 Rd6 36. Bf2 1/2-1/2

[Event "Wiesbaden op 27th"]
[Site "Wiesbaden"]
[Date "2015.08.28"]
[Round "3"]
[White "Haas, Frank Martin"]
[Black "Levin, Felix"]
[Result "1/2-1/2"]
[WhiteElo "2151"]
[BlackElo "2503"]
[PlyCount "117"]
[EventDate "2015.08.27"]
[EventType "swiss"]
[EventRounds "7"]
[EventCountry "GER"]
[SourceTitle "EXT 2016"]
[Source "ChessBase"]
[SourceDate "2015.10.08"]
[SourceVersion "1"]
[SourceVersionDate "2015.10.08"]
[SourceQuality "1"]

1. e4 c6 2. d4 d5 3. exd5 cxd5 4. c4 Nf6 5. Nc3 Nc6 6. Nf3 g6 7. Bg5 Be6 8. Bxf6 exf6 9. Be2 Bg7 10. Qb3 dxc4 11. Qxb7 Na5 12. Qb4 Rb8 13. Qa3 Qb6 14. 0-0 Qb4 15. Qxb4 Rxb4 16. b3 0-0 17. bxc4 Bxc4 18. Rab1 Rxb1 19. Rxb1 Bxe2 20. Nxe2 Re8 21. Kf1 Bf8 22. Rb5 Nc4 23. Rb7 a5 24. Nc3 Rc8 25. Nd5 Nd6 26. Rc7 Rb8 27. Rc2 Kg7 28. Ke2 h5 29. Kd3 a4 30. h3 g5 31. g4 Rb1 32. Ne3 Rh1 33. Rc6 Rxh3 34. Ng1 Rh1 35. Ne2 h4 36. Rxd6 Bxd6 37. Nf5+ Kf8 38. Nxd6 Ra1 39. Nf5 Rxa2 40. d5 Rxe2 41. Kxe2 a3 42. Ne3 a2 43. Nc2 Ke7 44. Kf3 Kd6 45. Kg2 Ke5 46. Kh3 f5 47. f3 Kxd5 48. Nb4+ Ke5 49. Nxa2 Kf4 50. gxf5 Kxf3 51. Nb4 Kf4 52. f6 Ke5 53. Kg4 Kxf6 54. Nd5+ Ke5 55. Ne3 f6 56. Nf5 Ke4 57. Nh6 Kd3 58. Ng8 f5+ 59. Kxf5 1/2-1/2